000 00730nam a22002417a 4500
003 UA-OsUOA
001 39721
007 ta
008 20080516b un ||||| |||| 00| 0 ukr d
100 _aДеревінський В.
090 _a94(477).094
_bД36
942 _cBK
040 _aUA-OsUOA
_bukr
_cUA-OsUOA
_dUA-OsUOA
245 _aСтавлення ОУН(б) і УПА до сусідніх народів та національних меншин
300 _a145 с.
955 _a4
041 _aukr
080 _a94(477).094
020 _a966-02
260 _aК.
_bІнститут історії України
_c2006
650 7 _a9 Географія. Біографії. Історія
_2UDC
999 _c438230
_d438230